[Event "Montreal Mercredi 10"]
[Site "Montreal"]
[Date "2007.10.31"]
[Round "4"]
[White "Perreault, Jacques"]
[Black "Ameur, Nadji"]
[Result "0-1"]
[WhiteElo "1593"]
[BlackElo "1680"]
[PlyCount "126"]
[EventDate "2007.10.10"]
[EventType "swiss"]
[EventRounds "5"]
[EventCountry "CAN"]
[SourceTitle "EXT 2022"]
[Source "ChessBase"]
[SourceDate "2021.10.06"]
[SourceVersion "1"]
[SourceVersionDate "2021.10.06"]
[SourceQuality "1"]

1. c4 Nf6 2. Nf3 g6 3. Nc3 Bg7 4. g3 c6 5. e4 d6 6. Bg2 Nbd7 7. 0-0 0-0 8. d4 Nb6 9. Qe2 Bg4 10. c5 dxc5 11. dxc5 Nbd7 12. Be3 Qa5 13. h3 Bxf3 14. Bxf3 Nxc5 15. Rab1 Ne6 16. Qc4 Nd7 17. b4 Qc7 18. Nd5 cxd5 19. Qxc7 Nxc7 20. exd5 Ne5 21. Be2 Nxd5 22. Bc5 b6 23. f4 bxc5 24. fxe5 Bxe5 25. Rb3 Bd4+ 26. Kh2 Nxb4 27. Bc4 e6 28. a3 Nd5 29. Rb7 Ne3 30. Rfxf7 Rxf7 31. Bxe6 Raf8 32. Rxa7 Kg7 33. Bxf7 Rxf7 34. Ra8 Rf2+ 35. Kg1 Rg2+ 36. Kh1 Rxg3 37. a4 Rxh3+ 38. Kg1 Rg3+ 39. Kh2 Rg2+ 40. Kh3 Ra2 41. a5 Nf5 42. Kg4 h5+ 43. Kf3 Ra3+ 44. Ke4 c4 45. Kd5 c3 46. a6 Bf6 47. a7 Kh6 48. Rf8 Bd4 49. a8Q Rxa8 50. Rxa8 h4 51. Rf8 Bg7 52. Re8 g5 53. Re2 Ng3 54. Re7 Nf5 55. Re6+ Kh5 56. Ke4 Kg4 57. Kd3 h3 58. Re2 Ng3 59. Rh2 Be5 60. Kc2 Ne4 61. Re2 Kf4 62. Rh2 g4 63. Kd3 Kf3 0-1